000 00321nam a22001217a 4500
040 _cHS
082 _a664
100 _aជីប ប៊ុនថាវិន
245 _aនិតិកម្មព្រៃឈើ forestry law
260 _aRUA
_bជីប ប៊ុនថាវិន
_c2008
300 _aNA
942 _cKB
999 _c9165
_d9165